Prednosť má ochrana trhu

Rozdelenie kontrolnej činnosti. Kto čo vlastne kontroluje? Vieme preverovať GMO (geneticky modifikované organizmy). Rizikové prevádzky kontrolujú častejšie.

Salvato in:
Dettagli Bibliografici
Autore principale: Vojtková, Viera
Natura: Capitolo di libro
Lingua:slovacco
Soggetti:
Tags: Aggiungi Tag
Nessun Tag, puoi essere il primo ad aggiungerne!!

MARC

LEADER 00000naa a2200000 4500
001 r041805
005 20231002114214.5
041 0 |a slo 
044 |a SK 
245 1 0 |a Prednosť má ochrana trhu  |c Viera Vojtková 
520 |a Rozdelenie kontrolnej činnosti. Kto čo vlastne kontroluje? Vieme preverovať GMO (geneticky modifikované organizmy). Rizikové prevádzky kontrolujú častejšie. 
610 2 0 |a kontrola 
610 2 0 |a kontrola kvality 
610 2 0 |a kontrola predaja 
610 2 0 |a SOI Bratislava 
610 2 0 |a SPPI Bratislava 
100 1 |a Vojtková, Viera